FINANCIAL ACCOUNTING WITH JOURNAL ENTRIES (Record no. 215850)

MARC details
000 -LEADER
fixed length control field 00500nam a22001817a 4500
008 - FIXED-LENGTH DATA ELEMENTS--GENERAL INFORMATION
fixed length control field 250708b |||||||| |||| 00| 0 eng d
020 ## - INTERNATIONAL STANDARD BOOK NUMBER
International Standard Book Number 0-324-37467-4
050 ## - LIBRARY OF CONGRESS CALL NUMBER
Classification number HF 5635 .A43 2007
100 ## - MAIN ENTRY--PERSONAL NAME
Personal name ALBRIGHT, THOMAS L.
245 ## - TITLE STATEMENT
Title FINANCIAL ACCOUNTING WITH JOURNAL ENTRIES
260 ## - PUBLICATION, DISTRIBUTION, ETC.
Place of publication, distribution, etc. MASON, OH
Name of publisher, distributor, etc. THOMSON SOUTH-WESTERN
Date of publication, distribution, etc. 2007
300 ## - PHYSICAL DESCRIPTION
Extent XXV,603P.:ILL
500 ## - GENERAL NOTE
General note INCLUDES INDEX
650 ## - SUBJECT ADDED ENTRY
Topical term or geographic name entry element ACCOUNTING
700 ## - ADDED ENTRY--PERSONAL NAME
Personal name INGRAM, ROBERT W.
942 ## - ADDED ENTRY ELEMENTS (KOHA)
Source of classification or shelving scheme Library of Congress Classification
Koha item type Long Loan Book
Holdings
Withdrawn status Lost status Source of classification or shelving scheme Damaged status Not for loan Collection Home library Current library Shelving location Date acquired Inventory number Total checkouts Full call number Barcode Date last seen Copy number Price effective from Koha item type
    Library of Congress Classification     Business & Economics Kisii University Library Kisii University Library On Display 07/08/2025 108902   HF 5635 .A43 2007 000000024558 07/08/2025 1 07/08/2025 Long Loan Book
    Library of Congress Classification     Business & Economics Kisii University Library Kisii University Library On Display 07/08/2025 108903   HF 5635 .A43 2007 000000024611 07/08/2025 2 07/08/2025 Long Loan Book
    Library of Congress Classification     Business & Economics Kisii University Library Kisii University Library On Display 07/08/2025 108904   HF 5635 .A43 2007 000000024610 07/08/2025 3 07/08/2025 Long Loan Book
    Library of Congress Classification     Business & Economics Kisii University Library Kisii University Library On Display 07/08/2025 108905   HF 5635 .A43 2007 000000024609 07/08/2025 4 07/08/2025 Long Loan Book
    Library of Congress Classification     Business & Economics Kisii University Library Kisii University Library On Display 07/08/2025 108906   HF 5635 .A43 2007 000000024608 07/08/2025 5 07/08/2025 Long Loan Book